Requirement Modeling Tool for Adaptive Requirement Modeling Language / (Record no. 533250)

000 -LEADER
fixed length control field 00596nam a22001697a 4500
020 ## - INTERNATIONAL STANDARD BOOK NUMBER
Qualifying information Hard Cover.
082 ## - DEWEY DECIMAL CLASSIFICATION NUMBER
Classification number 004
100 ## - MAIN ENTRY--PERSONAL NAME
Personal name Ahmad, Maria Ashfaq
245 ## - TITLE STATEMENT
Title Requirement Modeling Tool for Adaptive Requirement Modeling Language /
Statement of responsibility, etc. Maria Ashfaq Ahmad.
260 ## - PUBLICATION, DISTRIBUTION, ETC.
Place of publication, distribution, etc. Islamabad:
Name of publisher, distributor, etc. SEECS - NUST,
Date of publication, distribution, etc. 2014.
300 ## - PHYSICAL DESCRIPTION
Extent 38 p. :
Other physical details ill. ;
Dimensions 30cm.
650 ## - SUBJECT ADDED ENTRY--TOPICAL TERM
Topical term or geographic name entry element Information Technology MS-Thesis.
700 ## - ADDED ENTRY--PERSONAL NAME
Personal name Dr. Nauman Ahmad Qureshi
856 ## - Uniform Resource Identifier
Uniform Resource Identifier <a href="http://10.250.8.41:8080/xmlui/handle/123456789/31994">http://10.250.8.41:8080/xmlui/handle/123456789/31994</a>
942 ## - ADDED ENTRY ELEMENTS (KOHA)
Source of classification or shelving scheme
Koha item type Thesis
650 ## - SUBJECT ADDED ENTRY--TOPICAL TERM
-- 16355
700 ## - ADDED ENTRY--PERSONAL NAME
-- 27066
Holdings
Withdrawn status Lost status Source of classification or shelving scheme Damaged status Not for loan Permanent Location Current Location Shelving location Date acquired Full call number Barcode Date last seen Price effective from Non-public note Koha item type
          Central Library (CL) Central Library (CL) Thesis 12/17/2019 004 CL-T-4147 12/17/2019 12/17/2019 Minute Sheet No. 0929/02/CL/Survey/5 dated 23rd April 2024 E-MIN ID 114741 Thesis
© 2023 Central Library, National University of Sciences and Technology. All Rights Reserved.